| 000 | 00000nam##2200000za#4500 |
| 001 | 9.599470 |
| 003 | CaOODSP |
| 005 | 20240501092930 |
| 007 | cr ||||||||||| |
| 008 | 150406|1989||||xxc|||||o f|0| 0 fre|d |
| 040 | |aCaOODSP|bfre |
| 043 | |an-cn--- |
| 086 | 1 |aPS83-3/1F-PDF |
| 110 | 2 |aService correctionnel Canada. |
| 245 | 10|aÉvaluation combinée des besoins et du risque chez les détenus : |h[ressource électronique]|bétude de mise en liberté sous condition / |cpar Laurence L. Motiuk et Frank J. Porporino. |
| 260 | |bService correctionnel Canada |cFévrier 1989. |
| 300 | |a27p.|bgraphiques, références, tableaux |
| 490 | 1 |aRapport de recherche|vR-01 |
| 590 | |a10-09-Supp|b2010-11-02 |
| 720 | 1 |aMotiuk, Laurence L. |
| 720 | 1 |aPorporino, Frank J. |
| 775 | 08|tOffender risk/needs assessment : |w(CaOODSP)9.568176 |
| 830 | #0|aRapport de recherche (Service correctionnel Canada. Direction de la recherche)|vR-01|w(CaOODSP)9.502465 |
| 856 | 40|ahttp://publications.gc.ca|qPDF|s382 Ko|uhttps://publications.gc.ca/collections/collection_2010/scc-csc/PS83-3-1-fra.pdf|yR-01 |